LEADER 01282nam--2200421---450- 001 990001206130203316 005 20060117170622.0 010 $a88-311-0111-0 035 $a000120613 035 $aUSA01000120613 035 $a(ALEPH)000120613USA01 035 $a000120613 100 $a20031020h1997----km-y0itay50------ba 101 0 $aita 102 $aIT 105 $aa|||z|||001yy 200 1 $a<> argomento ontologico$el'esistenza di Dio da Anselmo a Schelling$fFrancesco Tomatis 210 $aRoma$cCittà nuova$dcopyr. 1997 215 $a168 p.$d20 cm 225 2 $aIdee$v111 410 0$12001$aIdee$v111 454 1$12001 461 1$1001-------$12001 606 0 $aDio$xProve ontologiche$zSec. 11.-19. 676 $a212.1 700 1$aTOMATIS,$bFrancesco$0164096 801 0$aIT$bsalbc$gISBD 912 $a990001206130203316 951 $aII.2. 3952 (XIV 1824)$b185328 L.M.$cXIV$d00177025 951 $aII.2. 3952a (XIV 1824 a)$b185329 L.M.$cXIV$d00177026 959 $aBK 969 $aUMA 979 $aMARIA$b10$c20031020$lUSA01$h1540 979 $aPATRY$b90$c20040406$lUSA01$h1726 979 $aANNAMARIA$b90$c20060110$lUSA01$h1038 979 $aPATRY$b90$c20060117$lUSA01$h1706 996 $aArgomento ontologico$9484302 997 $aUNISA LEADER 02250oam 2200601 450 001 9910715343503321 005 20210713102806.0 035 $a(CKB)5470000002510600 035 $a(OCoLC)1240162479 035 $a(EXLCZ)995470000002510600 100 $a20210301d2021 ua 0 101 0 $aeng 135 $aur||||||||||| 181 $ctxt$2rdacontent 182 $cc$2rdamedia 183 $acr$2rdacarrier 200 10$aBusiness meeting $emeeting before the Committee on Environment and Public Works, United States Senate, One Hundred Sixteenth Congress, first session, December 17, 2019 210 1$aWashington :$cU.S. Government Publishing Office,$d2021. 215 $a1 online resource (iv, 246 pages) 225 1 $aS. hrg. ;$v116-223 320 $aIncludes bibliographical references. 517 $aBusiness meeting 606 $aConservation of natural resources$xLaw and legislation$zUnited States 606 $aWildlife conservation$xLaw and legislation$zUnited States 606 $aCorridors (Ecology)$zUnited States 606 $aRoadside improvement$xLaw and legislation$zUnited States 606 $aConservation of natural resources$xLaw and legislation$2fast 606 $aCorridors (Ecology)$2fast 606 $aExpenditures, Public$2fast 606 $aRoadside improvement$xLaw and legislation$2fast 606 $aWildlife conservation$xLaw and legislation$2fast 607 $aUnited States$2fast 608 $aLegislative hearings.$2fast 608 $aLegislative hearings.$2lcgft 615 0$aConservation of natural resources$xLaw and legislation 615 0$aWildlife conservation$xLaw and legislation 615 0$aCorridors (Ecology) 615 0$aRoadside improvement$xLaw and legislation 615 7$aConservation of natural resources$xLaw and legislation. 615 7$aCorridors (Ecology) 615 7$aExpenditures, Public. 615 7$aRoadside improvement$xLaw and legislation. 615 7$aWildlife conservation$xLaw and legislation. 801 0$bGPO 801 1$bGPO 801 2$bOCLCO 801 2$bDWP 801 2$bOCLCF 801 2$bGPO 906 $aBOOK 912 $a9910715343503321 996 $aBusiness meeting$93184312 997 $aUNINA